000 00522nam a2200193Ia 4500
003 GCL
008 140319s9999 xx 000 0 ara d
040 _aGCL /
_cGCL
082 0 4 _a274.15
_bا ا
100 1 _aانور زكى
245 1 0 _aالاغتراب والعوده الى الله /
_cانور زكى
260 _a[S.N] :
_bدار الثقافة العربية ،
_c1991
300 _a107 ص
490 _a
650 0 4 _aفلسفة
650 0 4 _aالاخلاق
650 0 4 _aالمسيح
942 _2ddc
_cBK
999 _c52638
_d52638